|
|
|
|
| LEADER |
02344nam a2200421 a 4500 |
| 001 |
000000777 |
| 005 |
20180427084402.0 |
| 008 |
050727s1882 xo e ger |
| FMT |
|
|
|
| 040 |
|
|
|a SVKKK
|b slo
|c SVKKK
|e AACR2
|
| 041 |
0 |
|
|a ger
|
| 044 |
|
|
|a xo
|c SK
|
| 080 |
|
|
|a 639.2
|
| 100 |
1 |
|
|a Chyzer, Kornel,
|d 1836-1909
|4 aut
|
| 245 |
1 |
0 |
|a Beiträge zur naturwissenschaftlichen Kenntniss des Zempliner Komitates. :
|b I. Die Fische des Zempliner Komitates. Von Dr. Kornel Chyzer, Komitatsphysikus. Separat-Abdruck aus dem Jahrbuch IX des ung. Karpathen-Vereines.
|
| 260 |
|
|
|a Igló :
|b Druck Der Iglóer Buchdruckerei Josef Schmidt,
|c 1882
|
| 300 |
|
|
|a 16 s. */8 [=8] list.
|c 8°. 21,5x13,5 cm
|
| 500 |
|
|
|a Separát z IX. ročníka ročenky Uhorsko-Karpatského spolku.
|
| 500 |
|
|
|a Linky, tlač. pozn. pod čiarou v jaz. nem., lat., maď.
|
| 510 |
4 |
|
|a Podmanická I/379.
|
| 561 |
|
|
|a Peč.: Štátna vedecká knižnica v Košiciach; Ustredná pôdohospodárska knižnica v Košiciach; Štátna stredná hospodárska škola v Košiciach; Kassai m. kir. gazdasági tanintézet könyvtára szakma: II9 könyvtári szám 1367; M. Kir. II. Rákóczi Ferenc Középfokú Gazdasági Tanintézet Könyvtára Kassa - 1939 Szakleltári szám: Szakcsoport szám: B 20; M. Kir. II. Rákóczi Ferenc Középfokú Gazdasági Tanintézet Könyvtára - Kassa - 1939; Kassai M. K. Gazdasági Tanintézet.
|
| 563 |
|
|
|a Previazaná - brož., bielo-fialový mramor. papier, chrbát tmavozelené plátno.
|
| 653 |
1 |
|
|a zoológia
|
| 653 |
1 |
|
|a rybárstvo
|
| 653 |
2 |
|
|a separáty
|
| 710 |
0 |
|
|a Schmidt, Jozef
|c Spišská Nová Ves
|d 1873-1917
|4 prt
|
| 710 |
0 |
|
|a knižnice - Vyššia poľnohospodárska škola
|c Košice
|4 sgn
|
| 710 |
0 |
|
|a školy - Vyššia poľnohospodárska škola
|c Košice
|4 sgn
|
| 752 |
|
|
|a Slovensko
|d Spišská Nová Ves
|
| 852 |
|
|
|p II.10115
|
| 904 |
|
|
|a a---y---yzz------yyya-0001--
|
| 905 |
|
|
|a g-z0db--
|
| 910 |
|
|
|a svkkk
|
| 997 |
|
|
|c Kassai M. K. Gazdasági Tanintézet p. školy - Vyššia poľnohospodárska škola
|d Košice
|4 sgn
|
| 997 |
|
|
|a Kassai m. kir. gazdasági tanintézet könyvtára p. školy - Vyššia poľnohospodárska škola
|d Košice
|4 sgn
|
| 997 |
|
|
|a Štátna stredná hospodárska škola v Košiciach p. školy - Vyššia poľnohospodárska škola
|d Košice
|4 sgn
|
| 998 |
|
|
|a MALETL
|
| BAS |
|
|
|